[Event "Sydney op"]
[Site "Sydney"]
[Date "2025.04.23"]
[Round "1"]
[White "Thing, Bibek"]
[Black "Ilic, Nicholas"]
[Result "1-0"]
[WhiteElo "2299"]
[BlackElo "2048"]
[PlyCount "69"]
[EventDate "2025.04.23"]
[EventType "swiss"]
[EventRounds "9"]
[EventCountry "AUS"]
[SourceTitle "CB18_2025"]
[SourceDate "2025.04.30"]
[SourceVersion "1"]
[SourceVersionDate "2025.04.30"]
[SourceQuality "1"]

1. Nf3 d5 2. e3 Nf6 3. c4 c6 4. Nc3 Bf5 5. cxd5 cxd5 6. Qb3 Bc8 7. d3 Nc6 8. e4 d4 9. Nd5 e6 10. Nxf6+ Qxf6 11. Bg5 Qg6 12. Qb5 a6 13. Qb6 Bb4+ 14. Bd2 Bxd2+ 15. Kxd2 e5 16. Qc5 Qh6+ 17. Ke1 Qe6 18. Rc1 Qe7 19. Kd2 Qxc5 20. Rxc5 f6 21. Nh4 g6 22. g3 Be6 23. f4 Kd7 24. Bg2 Bxa2 25. Rhc1 Kd6 26. Bh3 Rhf8 27. Ke2 Rf7 28. Nf3 Re8 29. Nd2 Be6 30. f5 gxf5 31. exf5 Bd5 32. Rxd5+ Kxd5 33. Ne4 b6 34. Bg2 Rc8 35. Ng5+ 1-0

[Event "Titled Tuesday intern op 31st Oct Late"]
[Site "Chess.com INT"]
[Date "2023.10.31"]
[Round "7"]
[White "Ardelean, George Catalin"]
[Black "Ilic, Nicholas"]
[Result "1-0"]
[WhiteElo "2433"]
[BlackElo "2095"]
[PlyCount "57"]
[EventDate "2023.10.31"]
[EventType "swiss (blitz)"]
[EventRounds "11"]
[EventCountry "USA"]
[SourceTitle "EXT 2025"]
[Source "ChessBase"]
[SourceDate "2024.10.14"]
[SourceVersion "1"]
[SourceVersionDate "2024.10.14"]
[SourceQuality "1"]

1. d4 Nf6 2. Bf4 g6 3. Nc3 Bg7 4. e4 0-0 5. e5 Ne8 6. h4 d5 7. h5 c5 8. dxc5 Nc7 9. Qd2 Nc6 10. Bh6 Nxe5 11. hxg6 fxg6 12. Bxg7 Kxg7 13. Qh6+ Kf7 14. f4 Ng4 15. Qxh7+ Kf6 16. Nf3 Bf5 17. Qh4+ Kg7 18. Nd4 Rh8 19. Nxf5+ gxf5 20. Qg5+ Kf7 21. Qxf5+ Nf6 22. Rxh8 Qxh8 23. 0-0-0 e6 24. Qe5 Rc8 25. Be2 Qg7 26. g4 Nxg4 27. Qxg7+ Kxg7 28. Bxg4 Kf6 29. Nxd5+ 1-0

[Event "Titled Tuesday intern op 31st Oct Late"]
[Site "Chess.com INT"]
[Date "2023.10.31"]
[Round "3"]
[White "Ilic, Nicholas"]
[Black "Clawitter, Craig"]
[Result "1-0"]
[WhiteElo "2095"]
[BlackElo "2050"]
[PlyCount "51"]
[EventDate "2023.10.31"]
[EventType "swiss (blitz)"]
[EventRounds "11"]
[EventCountry "USA"]
[SourceTitle "EXT 2025"]
[Source "ChessBase"]
[SourceDate "2024.10.14"]
[SourceVersion "1"]
[SourceVersionDate "2024.10.14"]
[SourceQuality "1"]

1. e4 e6 2. d4 d5 3. e5 c5 4. c3 Qb6 5. Nf3 Nc6 6. Bd3 cxd4 7. cxd4 Bd7 8. 0-0 Nxd4 9. Nbd2 Nc6 10. Nb3 Nge7 11. Be3 Qc7 12. Rc1 Ng6 13. Nc5 Bxc5 14. Bxc5 Ngxe5 15. Nxe5 Nxe5 16. Ba3 Qxc1 17. Qxc1 Nxd3 18. Qc7 b5 19. Bd6 a5 20. g3 Nxb2 21. Rb1 Nc4 22. Bc5 Rc8 23. Qa7 b4 24. Re1 Kd8 25. Rc1 Rc7 26. Bb6 1-0

[Event "Titled Tuesday intern op 31st Oct Late"]
[Site "Chess.com INT"]
[Date "2023.10.31"]
[Round "8"]
[White "Ilic, Nicholas"]
[Black "Quirke, Jeffrey"]
[Result "0-1"]
[WhiteElo "2095"]
[BlackElo "1986"]
[PlyCount "82"]
[EventDate "2023.10.31"]
[EventType "swiss (blitz)"]
[EventRounds "11"]
[EventCountry "USA"]
[SourceTitle "EXT 2025"]
[Source "ChessBase"]
[SourceDate "2024.10.14"]
[SourceVersion "1"]
[SourceVersionDate "2024.10.14"]
[SourceQuality "1"]

1. e4 e6 2. d4 d5 3. e5 c5 4. c3 Nc6 5. Nf3 Bd7 6. Bd3 Nge7 7. 0-0 Rc8 8. a3 Nf5 9. Bxf5 exf5 10. dxc5 Be6 11. b4 Be7 12. Re1 0-0 13. Nd4 Qd7 14. Nd2 h6 15. f4 g5 16. fxg5 hxg5 17. N2f3 g4 18. Ng5 Kg7 19. Bf4 Rh8 20. Qd2 Rh5 21. c4 Nxd4 22. Nxe6+ Nxe6 23. cxd5 Nxf4 24. Qxf4 Bg5 25. Qd4 Qe7 26. Rad1 Rch8 27. e6+ Qf6 28. Qxf6+ Bxf6 29. e7 Rxh2 30. e8N+ Kg6 31. Nxf6 g3 32. Kf1 Kxf6 33. Ke2 Rxg2+ 34. Kf3 Ra2 35. d6 Rxa3+ 36. Kg2 Rd8 37. Re2 Rb3 38. Rd4 a5 39. Re7 Rh8 40. Rxb7 Rh2+ 41. Kg1 Rb1+ 0-1

[Event "Titled Tuesday intern op 31st Oct Late"]
[Site "Chess.com INT"]
[Date "2023.10.31"]
[Round "11"]
[White "Linster, Philippe"]
[Black "Ilic, Nicholas"]
[Result "0-1"]
[WhiteElo "2303"]
[BlackElo "2095"]
[PlyCount "74"]
[EventDate "2023.10.31"]
[EventType "swiss (blitz)"]
[EventRounds "11"]
[EventCountry "USA"]
[SourceTitle "EXT 2025"]
[Source "ChessBase"]
[SourceDate "2024.10.14"]
[SourceVersion "1"]
[SourceVersionDate "2024.10.14"]
[SourceQuality "1"]

1. d4 c5 2. d5 e6 3. Nc3 exd5 4. Nxd5 d6 5. e4 Nf6 6. Bg5 Be7 7. Bxf6 Bxf6 8. c3 0-0 9. Nf3 Be6 10. Nxf6+ gxf6 11. Be2 Nc6 12. 0-0 Qe7 13. Qd2 Kh8 14. Rad1 Rad8 15. Rfe1 Ne5 16. Qf4 Ng6 17. Qh6 Rg8 18. Bf1 Ne5 19. Nh4 Rg4 20. Kh1 Rdg8 21. Nf5 Bxf5 22. exf5 Qd8 23. Qd2 Qf8 24. Qxd6 Qg7 25. g3 Qh6 26. Rxe5 Rh4 27. gxh4 Qg7 28. Bh3 fxe5 29. Qd5 f6 30. Qf3 Qf7 31. Rg1 Rxg1+ 32. Kxg1 Qd7 33. Bf1 a6 34. Bc4 Kg7 35. Be6 Qd2 36. Qg4+ Kh6 37. Kg2 Qxb2 0-1

[Event "Titled Tuesday intern op 17th Oct Late"]
[Site "Chess.com INT"]
[Date "2023.10.17"]
[Round "10"]
[White "Ilic, Nicholas"]
[Black "Fiorito, Francisco"]
[Result "1/2-1/2"]
[WhiteElo "2095"]
[BlackElo "2348"]
[PlyCount "174"]
[EventDate "2023.10.17"]
[EventType "swiss (blitz)"]
[EventRounds "11"]
[EventCountry "USA"]
[SourceTitle "EXT 2025"]
[Source "ChessBase"]
[SourceDate "2024.10.14"]
[SourceVersion "1"]
[SourceVersionDate "2024.10.14"]
[SourceQuality "1"]

1. e4 c5 2. b3 Nc6 3. Bb2 e5 4. f4 d6 5. Nf3 exf4 6. Bb5 Nf6 7. 0-0 Be7 8. Nc3 0-0 9. Nd5 Bg4 10. h3 Bh5 11. Nxf4 Bg6 12. d3 Qb6 13. Bxc6 bxc6 14. e5 dxe5 15. Nxe5 c4+ 16. Kh1 cxd3 17. cxd3 Rad8 18. Nfxg6 hxg6 19. Rc1 Nh5 20. Qf3 c5 21. Nc6 Bd6 22. Be5 Bxe5 23. Nxe5 Qd6 24. Rfe1 Rde8 25. Nc4 Qd4 26. Re4 Rxe4 27. dxe4 Qxe4 28. Qxe4 Ng3+ 29. Kh2 Nxe4 30. Rd1 Nc3 31. Rd7 Nxa2 32. Rxa7 Nb4 33. Rc7 Nd3 34. Rd7 Nf4 35. Nd6 Ne6 36. Ra7 f5 37. Re7 Nd4 38. Rc7 Nxb3 39. Nb7 g5 40. Nxc5 Nxc5 41. Rxc5 Kh7 42. Kg3 Kg6 43. Kf3 Rf6 44. Rc7 Ra6 45. Rc3 Kf6 46. Rb3 g6 47. Kg3 Kg7 48. Kf3 Kh6 49. Kg3 Ra4 50. Kf3 Rf4+ 51. Kg3 Rf1 52. Kh2 Kh5 53. Kg3 f4+ 54. Kh2 g4 55. Rb5+ g5 56. hxg4+ Kxg4 57. Rb4 Kh5 58. Rb8 Rf2 59. Rb4 g4 60. Kg1 g3 61. Rb8 Ra2 62. Rh8+ Kg6 63. Kf1 Kf5 64. Rf8+ Ke5 65. Re8+ Kd6 66. Rf8 Rf2+ 67. Kg1 Ke5 68. Re8+ Kd4 69. Rf8 Ke3 70. Re8+ Kd2 71. Rf8 Ke1 72. Re8+ Re2 73. Rf8 Re4 74. Ra8 Rd4 75. Re8+ Kd2 76. Rf8 Re4 77. Rd8+ Ke3 78. Kf1 f3 79. gxf3 Kxf3 80. Rf8+ Rf4 81. Rxf4+ Kxf4 82. Kg2 Kg4 83. Kg1 Kh3 84. Kh1 Kh4 85. Kg2 Kg4 86. Kg1 Kf4 87. Kg2 Kg4 1/2-1/2

[Event "Titled Tuesday intern op 17th Oct Late"]
[Site "Chess.com INT"]
[Date "2023.10.17"]
[Round "4"]
[White "Ilic, Nicholas"]
[Black "Pinto, Daniel"]
[Result "1-0"]
[WhiteElo "2095"]
[BlackElo "2250"]
[PlyCount "79"]
[EventDate "2023.10.17"]
[EventType "swiss (blitz)"]
[EventRounds "11"]
[EventCountry "USA"]
[SourceTitle "EXT 2025"]
[Source "ChessBase"]
[SourceDate "2024.10.14"]
[SourceVersion "1"]
[SourceVersionDate "2024.10.14"]
[SourceQuality "1"]

1. e4 e5 2. Nf3 Nc6 3. Nc3 Nf6 4. Bc4 Bc5 5. 0-0 d6 6. h3 a5 7. d3 Be6 8. Bg5 h6 9. Bh4 g5 10. Bg3 Qd7 11. a3 Bxh3 12. Nd5 Nxd5 13. exd5 Ne7 14. gxh3 Qxh3 15. d4 Bb6 16. Qd3 f5 17. Nxe5 dxe5 18. Bxe5 Qxd3 19. Bxd3 0-0 20. c4 Ng6 21. Rac1 Rae8 22. c5 Nxe5 23. dxe5 Ba7 24. Rfe1 Kg7 25. d6 Bb8 26. b4 a4 27. Bb5 c6 28. Bxa4 f4 29. e6 Kf6 30. Bb3 Rh8 31. e7 g4 32. Re6+ Kf5 33. Rce1 g3 34. f3 Kg5 35. R1e5+ Kh4 36. Rg6 h5 37. Rgg5 b6 38. Bf7 Rxe7 39. dxe7 Bxe5 40. Rxe5 1-0

[Event "Titled Tuesday intern op 17th Oct Late"]
[Site "Chess.com INT"]
[Date "2023.10.17"]
[Round "6"]
[White "Rottenwohrer Suarez, Juan"]
[Black "Ilic, Nicholas"]
[Result "1-0"]
[WhiteElo "2246"]
[BlackElo "2095"]
[PlyCount "71"]
[EventDate "2023.10.17"]
[EventType "swiss (blitz)"]
[EventRounds "11"]
[EventCountry "USA"]
[SourceTitle "EXT 2025"]
[Source "ChessBase"]
[SourceDate "2024.10.14"]
[SourceVersion "1"]
[SourceVersionDate "2024.10.14"]
[SourceQuality "1"]

1. e4 c5 2. Nf3 Nc6 3. d4 cxd4 4. Nxd4 g6 5. c4 Bg7 6. Be3 Nf6 7. Nc3 Ng4 8. Qxg4 Nxd4 9. Qd1 e5 10. Bd3 0-0 11. 0-0 d6 12. Qd2 f5 13. exf5 gxf5 14. Bxd4 exd4 15. Ne2 f4 16. Be4 Qf6 17. Rad1 Bg4 18. f3 Bf5 19. Qxf4 Bxe4 20. Qxe4 Rae8 21. Qd5+ Kh8 22. Nxd4 Re5 23. Qxb7 Rfe8 24. Nb5 Re2 25. Nxd6 Qg6 26. f4 Rf8 27. Qd5 Rxb2 28. f5 Qf6 29. c5 Rxa2 30. Qxa2 Qg5 31. Nf7+ Rxf7 32. Qxf7 Qf6 33. Qxf6 Bxf6 34. Rfe1 Kg7 35. c6 Kh6 36. c7 1-0

[Event "Titled Tuesday intern op 10th Oct Late"]
[Site "Chess.com INT"]
[Date "2023.10.10"]
[Round "9"]
[White "Eggink, Ryszard"]
[Black "Ilic, Nicholas"]
[Result "0-1"]
[WhiteElo "2386"]
[BlackElo "2095"]
[PlyCount "58"]
[EventDate "2023.10.10"]
[EventType "swiss (blitz)"]
[EventRounds "11"]
[EventCountry "USA"]
[SourceTitle "EXT 2025"]
[Source "ChessBase"]
[SourceDate "2024.10.14"]
[SourceVersion "1"]
[SourceVersionDate "2024.10.14"]
[SourceQuality "1"]

1. d4 Nf6 2. c4 e6 3. Nc3 Bb4 4. Nf3 c5 5. e3 0-0 6. Be2 d5 7. 0-0 Nc6 8. dxc5 Bxc3 9. bxc3 Ne4 10. Qc2 Nxc5 11. Rd1 f5 12. cxd5 exd5 13. c4 Ne4 14. cxd5 Ne7 15. Ba3 Bd7 16. d6 Ng6 17. Qb3+ Kh8 18. Qxb7 Rb8 19. Qc7 Qe8 20. Rac1 Rc8 21. Qa5 f4 22. Rxc8 Qxc8 23. Qc7 Nc3 24. Re1 Nxe2+ 25. Rxe2 Qa6 26. Re1 Qxa3 27. Qxd7 fxe3 28. fxe3 Qxa2 29. Qc7 Nh4 0-1

[Event "Titled Tuesday intern op 10th Oct Late"]
[Site "Chess.com INT"]
[Date "2023.10.10"]
[Round "8"]
[White "Senthilkumar, Pranav"]
[Black "Ilic, Nicholas"]
[Result "1-0"]
[WhiteElo "1854"]
[BlackElo "2095"]
[PlyCount "83"]
[EventDate "2023.10.10"]
[EventType "swiss (blitz)"]
[EventRounds "11"]
[EventCountry "USA"]
[SourceTitle "EXT 2025"]
[Source "ChessBase"]
[SourceDate "2024.10.14"]
[SourceVersion "1"]
[SourceVersionDate "2024.10.14"]
[SourceQuality "1"]

1. Nf3 d5 2. g3 g6 3. Bg2 Bg7 4. 0-0 Nf6 5. c4 c6 6. cxd5 cxd5 7. d4 0-0 8. Nc3 Nc6 9. Bf4 a6 10. Rc1 Nh5 11. Be3 f5 12. Ne5 Be6 13. Nxc6 bxc6 14. Na4 Qd6 15. Nc5 Bc8 16. Bd2 Rb8 17. b4 f4 18. Bc3 g5 19. e4 Qh6 20. exd5 cxd5 21. Bxd5+ Kh8 22. Bg2 g4 23. Re1 f3 24. Bf1 Nf6 25. d5 Rd8 26. Rxe7 Bf5 27. d6 Bf8 28. Rf7 Rxd6 29. Rxf6 Rxf6 30. Nxa6 Rbb6 31. Nc5 Rbd6 32. Qe1 Kg8 33. Bc4+ Kh8 34. Qe8 Bg6 35. Bxf6+ Rxf6 36. Qe5 Qxc1+ 37. Bf1 Bg7 38. Qd5 Rf8 39. Ne6 Qb1 40. Nxf8 Bxf8 41. b5 Bg7 42. Qd8+ 1-0

[Event "Titled Tuesday intern op 03rd Oct Late"]
[Site "Chess.com INT"]
[Date "2023.10.03"]
[Round "5"]
[White "Ilic, Nicholas"]
[Black "Dimitrijevic, Andjela"]
[Result "1-0"]
[WhiteElo "2095"]
[BlackElo "1826"]
[PlyCount "47"]
[EventDate "2023.10.03"]
[EventType "swiss (blitz)"]
[EventRounds "11"]
[EventCountry "USA"]
[SourceTitle "EXT 2025"]
[Source "ChessBase"]
[SourceDate "2024.10.14"]
[SourceVersion "1"]
[SourceVersionDate "2024.10.14"]
[SourceQuality "1"]

1. e4 c5 2. b3 Nc6 3. Bb2 d6 4. f4 e6 5. Nf3 Nf6 6. Nc3 Be7 7. Bb5 Bd7 8. 0-0 0-0 9. Qe2 a6 10. Bxc6 Bxc6 11. Rad1 b5 12. d3 Qb6 13. Kh1 a5 14. e5 Nd7 15. Ne4 dxe5 16. Nxe5 Nf6 17. Nxc6 Qxc6 18. Nxf6+ Bxf6 19. Bxf6 gxf6 20. Rf3 Kh8 21. Rh3 Rg8 22. Rg1 Qd5 23. Rh5 Rg7 24. Rxd5 1-0

[Event "Titled Tuesday intern op 03rd Oct Late"]
[Site "Chess.com INT"]
[Date "2023.10.03"]
[Round "9"]
[White "Novikova, Galina"]
[Black "Ilic, Nicholas"]
[Result "0-1"]
[WhiteElo "2073"]
[BlackElo "2095"]
[PlyCount "158"]
[EventDate "2023.10.03"]
[EventType "swiss (blitz)"]
[EventRounds "11"]
[EventCountry "USA"]
[SourceTitle "EXT 2025"]
[Source "ChessBase"]
[SourceDate "2024.10.14"]
[SourceVersion "1"]
[SourceVersionDate "2024.10.14"]
[SourceQuality "1"]

1. e4 c5 2. Nf3 Nc6 3. d4 cxd4 4. Nxd4 e5 5. Nb3 d6 6. Nc3 Be6 7. Be3 Nf6 8. f3 Be7 9. Qd2 d5 10. exd5 Nxd5 11. Nxd5 Bxd5 12. 0-0-0 Bxb3 13. axb3 Qc7 14. Bc4 0-0 15. h4 Rad8 16. Qc3 Bb4 17. Bxf7+ Qxf7 18. Qc4 Qxc4 19. bxc4 a5 20. c3 Be7 21. Rd5 Kf7 22. Bb6 Rd6 23. Rhd1 Ke6 24. Bc7 Rxd5 25. cxd5+ Kd7 26. dxc6+ Kxc7 27. Rd7+ Kxc6 28. Rxe7 Rf5 29. Rxg7 h5 30. Kd2 b5 31. Ke3 Rf4 32. g3 Ra4 33. Rg5 Ra2 34. b4 a4 35. Rxh5 Kd5 36. f4 Kc4 37. Rxe5 Rc2 38. Rc5+ Kb3 39. Rxb5 Rxc3+ 40. Kf2 a3 41. h5 Kb2 42. Ra5 a2 43. Rxa2+ Kxa2 44. g4 Kb3 45. h6 Kxb4 46. h7 Rh3 47. g5 Rxh7 48. Kg3 Kc5 49. Kg4 Kd6 50. Kf5 Ke7 51. Kg6 Rh2 52. f5 Kf8 53. f6 Ra2 54. Kf5 Ra5+ 55. Kg6 Ra6 56. Kh6 Ra5 57. Kg6 Ra6 58. Kf5 Rb6 59. Kg6 Kg8 60. Kf5 Kf7 61. g6+ Kf8 62. Kg5 Rc6 63. Kf5 Ra6 64. Kg5 Rb6 65. Kf5 Rb5+ 66. Ke6 Rb6+ 67. Kf5 Rb1 68. Kg5 Rg1+ 69. Kh6 Kg8 70. Kh5 Rg2 71. Kh6 Rg3 72. Kh5 Rf3 73. Kg5 Rf1 74. f7+ Kg7 75. Kh5 Rf2 76. Kg5 Rf3 77. Kh5 Rf5+ 78. Kg4 Kxg6 79. f8Q Rxf8 0-1

[Event "Titled Tuesday intern op 03rd Oct Late"]
[Site "Chess.com INT"]
[Date "2023.10.03"]
[Round "4"]
[White "Vargas Benavides, Mauricio"]
[Black "Ilic, Nicholas"]
[Result "1-0"]
[WhiteElo "1933"]
[BlackElo "2095"]
[PlyCount "55"]
[EventDate "2023.10.03"]
[EventType "swiss (blitz)"]
[EventRounds "11"]
[EventCountry "USA"]
[SourceTitle "EXT 2025"]
[Source "ChessBase"]
[SourceDate "2024.10.14"]
[SourceVersion "1"]
[SourceVersionDate "2024.10.14"]
[SourceQuality "1"]

1. e4 c5 2. Nc3 Nc6 3. f4 g6 4. Nf3 Bg7 5. Bb5 e6 6. Bxc6 bxc6 7. 0-0 d5 8. d3 Ne7 9. Qe1 0-0 10. Qh4 f6 11. e5 Nf5 12. Qf2 fxe5 13. fxe5 Nd4 14. Qg3 Nxc2 15. Bg5 Qc7 16. Rac1 Nd4 17. Nxd4 cxd4 18. Rxf8+ Bxf8 19. Nb5 Qb6 20. Nd6 Bd7 21. Rf1 Qc7 22. Qf4 Bg7 23. Qf7+ Kh8 24. Bf6 Bxf6 25. Qxf6+ Kg8 26. Nf7 Kf8 27. Nh6+ Ke8 28. Qf8# 1-0